00438nam a2200145Ia 450000500170000000800460001703700120006304000200007504100130009508400230010810000140013124500460014526000920019130000090028320250508160658.0008 250505s9999 xx 000 0 eng d aTextual aFEDLbengcFEDL aeng2eng a371.912, LEWqFEDL aLewis M M 0aLanguage and personality in deaf children aLondon, UKbThe National Foundation for Educational Research in England and Walesc1968 a239p